000 00835nam a22002057a 4500
003 0
005 20250207134310.0
008 250207b xxu||||| |||| 00| 0 eng d
050 _aQA 76.9
_b.V57 2024
100 _aViray, Logan Alessandro R.
245 _aSentinel
_ban automated threat detection log reader system based on securbert.
_cLogan Alessandro Rosales Viray
260 _aLas Pinas City
_bSouthville International School and Colleges
_c2024
300 _ax, 90 pages:
_bcolored pictures and illustration;
_c28cm.
500 _aBachelor of Science in Information Technology.
504 _aIncludes bibliographical references and appendices.
650 _aCybersecurity—Threat detection.
650 _aLog analysis for security monitoring.
650 _aNatural language processing for security logs.
942 _2lcc
_cTH
999 _c367155
_d367155